Apuntes biográficos del Sr. D. Pedro Romero de Terreros, primer conde de Regla, caballero profeso en la Orden Militar de Calatrava / (Record no. 164503)

MARC details
000 -LEADER
campo de control de longitud fija 01082nam a22002295i 4500
001 - NÚMERO DE CONTROL
campo de control 164503
003 - IDENTIFICADOR DE NÚMERO DE CONTROL
campo de control ES-MaACL
005 - FECHA Y HORA DE LA ÚLTIMA TRANSACCIÓN
campo de control 20251017063109.0
008 - DATOS DE LONGITUD FIJA--INFORMACIÓN GENERAL
campo de control de longitud fija 011015s1858 sp |||| | spa d
080 ## - NÚMERO DE LA CLASIFICACIÓN DECIMAL UNIVERSAL
Número de la Clasificación Decimal Universal 929 Romero de Terreros, Pedro
100 1# - ENTRADA PRINCIPAL--NOMBRE DE PERSONA
Nombre de persona San Bartolomé de Jala, Juan Romero de Terreros,
Títulos y otros términos asociados al nombre Conde de
9 (RLIN) 132367
245 10 - MENCIÓN DEL TÍTULO
Título Apuntes biográficos del Sr. D. Pedro Romero de Terreros, primer conde de Regla, caballero profeso en la Orden Militar de Calatrava /
Mención de responsabilidad, etc. [por Juan Romero de Terreros y Villamil y de Regla, conde de Jala y de Regla].
250 ## - MENCION DE EDICION
Mención de edición Reimpreso.
260 ## - PUBLICACIÓN, DISTRIBUCIÓN, ETC.
Lugar de publicación, distribución, etc. Madrid :
Nombre del editor, distribuidor, etc. [s.n.],
Fecha de publicación, distribución, etc. 1858 (
Fabricante J.M. Ducazcal)
300 ## - DESCRIPCIÓN FÍSICA
Extensión 58 p. ;
Dimensiones 25 cm.
530 ## - NOTA DISPONIBLE DE FORMULARIO FÍSICO ADICIONAL
Nota de formato físico adicional disponible Disponible en formato digital.
594 ## - Nota al título y mención de responsabilidad
Nota al título y mención de responsabilidad El autor consta en prelimares
600 04 - PUNTO DE ACCESO ADICIONAL DE MATERIA--NOMBRE DE PERSONA
Nombre de persona Romero de Terreros, Pedro,
Títulos y otros términos asociados al nombre Conde de Regla
9 (RLIN) 99380
852 4# - LOCALIZACIÓN
Ubicación ES-MaACL
Número de control de estantería T-68-F-7
Nota libre - Enc. hol., falto de cub. original
-- - Enc. en un vol. facticio
856 4# - LOCALIZACIÓN Y ACCESO ELECTRÓNICOS
Identificador Uniforme de Recursos <a href="http://uvadoc.uva.es/handle/10324/35229 ">http://uvadoc.uva.es/handle/10324/35229 </a>
Nota pública Repositorio Documental de la Universidad de Valladolid
Holdings
Estatus retirado Estado de pérdida Estado de daño No para préstamo Colección Biblioteca de origen Biblioteca actual Ubicación en estantería Fecha de adquisición Total de préstamos Signatura topográfica completa Código de barras Visto por última vez Precio de reemplazo Tipo de ítem Koha
        Colección de folletos Biblioteca del Ateneo de Madrid Biblioteca del Ateneo de Madrid Depósito folletos 17/01/2008   T-68-F-7 1172438 23/02/2023 23/02/2023 Folleto